000
00309nam a2200097Ia 4500
001
689364
005
20250826161633.0
008
250824s9999 xx 000 0 und d
245
0
_a
MESNEVİ
_c
MEVLANA CELALEDDİN RUMİ, TER:VELED ÇELEBİ İZBUDAK
260
_b
KONYA BÜYÜKŞEHİR BELEDİYESİ KÜLTÜR YAYINLARI
999
_c
689364
_d
689364